Central Library OPAC University of Rajshahi

Economic development and the use of energy resources in Communist China, (Record no. 1910)

MARC details
000 -LEADER
fixed length control field 00961cam a22002651 4500
001 - CONTROL NUMBER
control field 1910
003 - CONTROL NUMBER IDENTIFIER
rucl marc code BD-RjUL
005 - DATE AND TIME OF LATEST TRANSACTION
control field 20211208233435.0
008 - FIXED-LENGTH DATA ELEMENTS--GENERAL INFORMATION
fixed length control field 131209s1963 nyuab b 000 0 eng
035 ## - SYSTEM CONTROL NUMBER
System control number (BD-RjUL)1937
System control number (OCoLC)237212
040 ## - CATALOGING SOURCE
Original cataloging agency DLC
Transcribing agency ODaWU
Modifying agency OCoLC
-- NBrockU
-- DLC
-- BD-RjUL
Language of cataloging eng
041 ## - LANGUAGE CODE
Language code of text/sound track or separate title eng
082 ## - DEWEY DECIMAL CLASSIFICATION NUMBER
Classification number 338
Author mark and year WUE 1963
100 1# - MAIN ENTRY--PERSONAL NAME
Personal name Wu, Yuan-li.
9 (RLIN) 6307
245 10 - TITLE STATEMENT
Title Economic development and the use of energy resources in Communist China,
Statement of responsibility, etc. by Yuan-li Wu, with the assistance of H.C. Ling.
260 ## - PUBLICATION, DISTRIBUTION, ETC. (IMPRINT)
Place of publication, distribution, etc. New York :
Name of publisher, distributor, etc. Published for the Hoover Institution on War, Revolution and Peace by Praeger
Date of publication, distribution, etc. 1963.
300 ## - PHYSICAL DESCRIPTION
Pagination xv, 275 p.
Illustrations maps, diagrs.
Size 26 cm.
490 1# - SERIES STATEMENT
Series statement Hoover Institution publications
504 ## - BIBLIOGRAPHY, ETC. NOTE
Bibliography, etc Bibliographical references included in "Notes" (p. 242-271)
650 #0 - SUBJECT ADDED ENTRY--TOPICAL TERM
Topical term or geographic name as entry element Power resources
Geographic subdivision China.
9 (RLIN) 6308
830 #0 - SERIES ADDED ENTRY--UNIFORM TITLE
Uniform title Hoover Institution publication.
942 ## - ADDED ENTRY ELEMENTS (KOHA)
Source of classification or shelving scheme Dewey Decimal Classification
Koha item type Books
Holdings
Lost status Source of classification or shelving scheme Damaged status Not for loan Collection code Permanent Location Current Location Shelving location Date acquired Source of acquisition Cost, normal purchase price Total Checkouts Full call number Date last seen Copy number Koha item type
  Dewey Decimal Classification   Not For Loan Non-fiction Central Library, University of Rajshahi Central Library, University of Rajshahi Reading Room 08/01/1969 Zeitlinger 57.00   338 WUE 1963 09/12/2013 C-1 Books